Πολιτική κουλτούρα και κοινωνία των πολιτών στην Ελλάδα την εποχή της παγκοσμιοποίησης
Αποθηκεύτηκε σε:
| Κύριος συγγραφέας: | |
|---|---|
| Μορφή: | Βιβλίο |
| Γλώσσα: | Greek |
| Δημοσίευση: |
Αθήνα :
Ινστιτούτο Στρατηγικών και Αναπτυξιακών Μελετών,
c2004.
|
| Σειρά: | Κείμενα έρευνας (Ινστιτούτο Στρατηγικών και Αναπτυξιακών Μελετών)
4 |
| Θέματα: | |
| Ετικέτες: |
Προσθήκη ετικέτας
Δεν υπάρχουν, Καταχωρήστε ετικέτα πρώτοι!
|
MARC
| LEADER | 00000cam a2200000 a 4500 | ||
|---|---|---|---|
| 001 | 1/123796 | ||
| 008 | 211025s2004####gr | ||| |||| ||gre|| | ||
| 020 | |a 9607946383 | ||
| 040 | |a GR-MyUa |b gre |c GR-MyUa |e AACR2 | ||
| 041 | 0 | |a gre | |
| 082 | 7 | |a 306.209495 |2 (23) | |
| 100 | 1 | |a Μοσκώφ, Ηρακλής. | |
| 245 | 1 | 0 | |a Πολιτική κουλτούρα και κοινωνία των πολιτών στην Ελλάδα την εποχή της παγκοσμιοποίησης / |c Ηρακλής Μοσκώφ. |
| 260 | |a Αθήνα : |b Ινστιτούτο Στρατηγικών και Αναπτυξιακών Μελετών, |c c2004. | ||
| 300 | |a 88 σ. ; |c 21 εκ. | ||
| 490 | 1 | |a (Κείμενα έρευνας / Ινστιτούτο Στρατηγικών και Αναπτυξιακών Μελετών ; |v 4) | |
| 504 | |a Βιβλιογραφία: σ. [85]-88. | ||
| 650 | 0 | |a Political culture |z Greece. | |
| 650 | 0 | |a Civil society |z Greece. | |
| 830 | 0 | |a Κείμενα έρευνας (Ινστιτούτο Στρατηγικών και Αναπτυξιακών Μελετών) |v 4 | |
| 970 | |a Κοντού |b Παρασκευή |z 25/10/2021 | ||